| 000 | 00958nam a2200217 a 4500 | ||
|---|---|---|---|
| 001 | 000041654 | ||
| 005 | 20201002035705.0 | ||
| 008 | 131015s1987 sp 000 0 spa d | ||
| 020 | _a8400066340 | ||
| 040 |
_aDO-SdBNP _bspa _cBNPHU |
||
| 100 | 1 |
_aFerrer i Mallol, Maria Teresa _968443 |
|
| 245 | 1 | 0 |
_aEls Sarraïns de la Corona Catalano-Aragonesa en el segle XIV : _bsegregació i discriminació / _cMaria Teresa Ferrer i Mallol. |
| 260 |
_aBarcelona : _bConsell Superior d'Investigacions científiques, Institució Milà i Fontanals, Unitat d'Investigaciò d'Estudis Medievals, _c1987. |
||
| 300 |
_aXXXIV, 427 p. ; _c25 cm. |
||
| 490 | 1 |
_aAnuario de estudios medievales. _v16 |
|
| 504 | _aIncluye referencias bibliográficas y notas al pie de las páginas | ||
| 504 | _aBibliografía : p. 23-34 | ||
| 500 | _aIncluye índice | ||
| 710 | 2 |
_aConsell Superior d'Investigacions científiques. _967768 |
|
| 830 | 0 |
_aAnuario de estudios medievales. _v16 _968444 |
|
| 999 |
_c41144 _d41144 |
||